[Event "It"]
[Site "Ptuj SLO"]
[Date "2000.02.13"]
[Round "4"]
[White "Abramovic,B"]
[Black "Podkriznik,G"]
[Result "1-0"]
[WhiteElo "2501"]
[BlackElo "2331"]

1.d4 Nf6 2.c4 g6 3.Nf3 Bg7 4.g3 O-O 5.Bg2 d6 6.O-O Nbd7 7.Nc3 e5 8.e4 exd4
9.Nxd4 Re8 10.h3 a6 11.Re1 Rb8 12.a4 c6 13.Nc2 Ne5 14.Ne3 Be6 15.Bf1 b5 16.axb5 axb5
17.cxb5 cxb5 18.Bg2 Qc8 19.Kh2 b4 20.Ne2 Qc5 21.Nd4 Bd7 22.Re2 Nc4 23.Rc2 Nxe3
24.Bxe3 Qe5 25.Rc7 Rec8 26.Raa7 Rxc7 27.Rxc7 Be8 28.f4 Qa5 29.Qc2 Rd8 30.g4 h6
31.Rb7 Bd7 32.Qb3 Qa6 33.Qxb4 Qd3 34.Qb3 Qxb3 35.Rxb3 Re8 36.Rb7 Bxg4 37.e5 dxe5
38.fxe5 Rxe5 39.Bf4 Re8 40.hxg4 Nxg4+ 41.Kg3 Bxd4 42.Kxg4 h5+ 43.Kf3 Re1
44.Bd2 Rb1 45.b4 Rb2 46.Be1 g5 47.Bf1 Rb1 48.Ke2 Kf8 49.Bd2 g4 50.Bg2 h4
51.Bd5 f6 52.Bh6+ Ke8 53.Bc6+  1-0

[Event "Petroff Mem Open"]
[Site "St Petersburg RUS"]
[Date "2000.02.13"]
[Round "6"]
[White "Shinkevich,V"]
[Black "Selin,O"]
[Result "1/2-1/2"]
[WhiteElo "2440"]
[BlackElo "2327"]

1.d4 Nf6 2.Nf3 g6 3.g3 Bg7 4.Bg2 O-O 5.c4 d6 6.O-O Nc6 7.Nc3 a6 8.h3 Rb8
9.Be3 b5 10.Nd2 Bd7 11.d5 Na5 12.cxb5 axb5 13.b4 Nc4 14.Nxc4 bxc4 15.a3 Qc8
16.h4 e6 17.Bd4 e5 18.Be3 Ng4 19.Bd2 f5 20.e3 e4 21.Rb1 h6 22.f3 exf3 23.Bxf3 Ne5
24.Bg2 Qa6 25.a4 Rbe8 26.b5 Qa7 27.Qc2 Ng4 28.Nd1 c3 29.Bc1 Qc5 30.Kh1 Be5
31.Rb3 Bxg3 32.Rxc3 Qb6 33.h5 gxh5 34.Bh3 Be5 35.Rxc7 Rc8 36.Rc6 Qd8 37.Qg2 Qh4
38.Bd2 Kh8 39.Be1 Qg5 40.a5 f4 41.exf4 Rxf4 42.Rxc8+ Bxc8 43.a6 Qf5 44.Bg3 Rxf1+
45.Qxf1 Qxf1+ 46.Bxf1 Bxg3 47.b6 Nf6 48.b7 Bxb7 49.axb7 Nd7 50.Nc3 Kg7 51.Nb5 Kf6
52.Bh3 Nb8 53.Na7 Ke7 54.Kg2 Be5 55.Kf3 Bh2 56.Ke4 Kf6 57.Nb5 Bg3 58.Nd4 Be5
59.Nb5 Na6 60.Nc7 Nc5+ 61.Kf3 Nxb7 62.Ne6 Na5 63.Bf1 Nb3 64.Be2 h4 65.Kg4 Bg3
66.Bf3 Ke5 67.Nd8 Kf6 68.Nc6 Nd2 69.Bg2 Nc4 70.Be4 h5+ 71.Kh3 Ne3 72.Bf3 Kg5
73.Nd4 Kf4 74.Bxh5 Nxd5 75.Ne2+ Kg5 76.Bf7 Nf4+  1/2-1/2

[Event "Petroff Mem Open"]
[Site "St Petersburg RUS"]
[Date "2000.02.14"]
[Round "7"]
[White "Vaulin,A"]
[Black "Zakharevich,I"]
[Result "1/2-1/2"]
[WhiteElo "2540"]
[BlackElo "2486"]

1.d4 Nf6 2.Nf3 g6 3.g3 Bg7 4.Bg2 O-O 5.c4 d6 6.O-O Nbd7 7.Nc3 e5 8.e4 exd4
9.Nxd4 Re8 10.h3 Nc5 11.Re1 c6 12.Bf4 Ne6 13.Be3 Nxd4 14.Bxd4 Be6 15.Qd3 Qa5
16.Rac1 Rad8 17.b3 a6 18.Na4 Nd7 19.Bxg7 Kxg7 20.Red1 Ne5 21.Qe3 c5 22.f4  1/2-1/2

[Event "FSIMB February"]
[Site "Budapest HUN"]
[Date "2000.02.15"]
[Round "11"]
[White "Goczo,M"]
[Black "Sikula,V"]
[Result "0-1"]
[WhiteElo "2250"]
[BlackElo "2346"]

1.d4 Nf6 2.Nf3 g6 3.c4 Bg7 4.g3 O-O 5.Bg2 d6 6.O-O Nc6 7.d5 Na5 8.Nfd2 c5
9.Nc3 a6 10.Rb1 Rb8 11.b4 cxb4 12.Rxb4 Qc7 13.Bb2 Nd7 14.Qa1 Bh6 15.e3 Ne5
16.c5 Nd3 17.cxd6 exd6 18.Rh4 Nxb2 19.Qxb2 Bg7 20.Rc1 b5 21.Qa3 Qb6 22.Ne2 Bd7
23.Rb4 Rfc8 24.Nd4 Rc5 25.Ne4 Rxc1+ 26.Qxc1 Rc8 27.Qd1 Nc4 28.Nc6 Bxc6 29.dxc6 Rxc6
30.Qd5 Rc8 31.h4 Qc7 32.a4 Nb6 33.Qxd6 Qxd6 34.Nxd6 Rc1+ 35.Kh2 Nxa4 36.Bd5 Rd1
37.Bxf7+ Kf8 38.Rf4 Rxd6 39.Bxg6+ Rf6 40.Rxf6+ Bxf6 41.Bxh7 b4 42.f4 b3 43.h5 b2
44.Kg2 Nc3 45.g4 a5  0-1

[Event "Goodricke Open"]
[Site "Calcutta IND"]
[Date "2000.02.15"]
[Round "10"]
[White "Imocha,L"]
[Black "Tania,S"]
[Result "1/2-1/2"]
[WhiteElo "2210"]
[BlackElo "2105"]

1.d4 Nf6 2.Nf3 g6 3.g3 Bg7 4.Bg2 O-O 5.c4 d6 6.O-O Nbd7 7.Qc2 e5 8.Rd1 Re8
9.Nc3 c6 10.dxe5 dxe5 11.e4 Qb6 12.h3 Qb4 13.b3 Nc5 14.Be3 a5 15.Nd2 Ne6
16.a3 Qe7 17.Nf3 Nh5 18.Na4 b5 19.Nb6 Rb8 20.c5 f6 21.a4 b4 22.Qc4 Kh8 23.Rd6 Rxb6
24.Rad1 Ra6 25.Bf1 Bf8 26.Rxe6 Qxe6 27.Qxe6 Rxe6 28.Rd8 Kg7 29.Rxc8 Ra7 30.Bc4 Ree7
31.g4 Nf4 32.Bxf4 exf4 33.Nd4 Rxe4 34.Ne6+ Rxe6 35.Bxe6 Bxc5 36.Rxc6  1/2-1/2

[Event "Petroff Mem Open"]
[Site "St Petersburg RUS"]
[Date "2000.02.15"]
[Round "8"]
[White "Neverov,V"]
[Black "Zakharevich,I"]
[Result "1-0"]
[WhiteElo "2541"]
[BlackElo "2486"]

1.d4 Nf6 2.c4 g6 3.Nf3 Bg7 4.g3 O-O 5.Bg2 d6 6.O-O Nbd7 7.Qc2 e5 8.Rd1 Qe7
9.Nc3 c6 10.e4 exd4 11.Nxd4 Re8 12.Bf4 Ne5 13.Qe2 a5 14.h3 a4 15.Rab1 Nfd7
16.Be3 Nc5 17.b4 axb3 18.axb3 Ned7 19.b4 Na4 20.Nxa4 Rxa4 21.Qc2 Ra8 22.Ne2 Ne5
23.f4 Nd7 24.Bd4 Bxd4+ 25.Rxd4 f5 26.Rbd1 Nf6 27.Nc3 fxe4 28.Nxe4 Bf5 29.Nxf6+ Qxf6
30.Qd2 Qf7 31.b5 d5 32.cxd5 c5 33.Rc4 b6 34.d6 Ra3 35.Rc3 Ra4 36.Bd5 Be6
37.Bxe6 Qxe6 38.d7 Rd8 39.Re3 Qf7 40.Qe2  1-0

[Event "Petroff Mem Open"]
[Site "St Petersburg RUS"]
[Date "2000.02.15"]
[Round "8"]
[White "Eliseev,A"]
[Black "Varavin,V"]
[Result "1-0"]
[WhiteElo "2325"]
[BlackElo "2410"]

1.d4 Nf6 2.c4 d6 3.Nf3 g6 4.g3 Bg7 5.Bg2 O-O 6.O-O Nc6 7.Nc3 a6 8.b3 Rb8
9.Bd2 e5 10.dxe5 dxe5 11.Qc1 Bf5 12.Rd1 Qc8 13.Bh6 Bh3 14.Bh1 Re8 15.Bxg7 Kxg7
16.Qb2 Qf5 17.Rac1 e4 18.Nh4 Qe5 19.Ng2 Rbd8 20.Nf4 Bf5 21.e3 Nb4 22.a3 Nd3
23.Nxd3 exd3 24.Bxb7 h5 25.Rd2 Rd6 26.Bg2 c6 27.c5 Rde6 28.Nd1 Qc7 29.Bf1 Rd8
30.Rc3 Re7 31.Rc4 Rdd7 32.f3 Qd8 33.Rf4 Re8 34.h4 Be6 35.Nf2 Rd5 36.b4 Rf5
37.Rxd3 Qe7 38.Rxf5 Bxf5 39.Rd6 Qe5 40.Qxe5 Rxe5 41.e4  1-0

[Event "8th Valle d'Aosta Open"]
[Site "Saint Vincent ITA"]
[Date "2000.02.16"]
[Round "5"]
[White "Ortega,Le"]
[Black "Aldrovandi,C"]
[Result "1-0"]
[WhiteElo "2479"]
[BlackElo "2328"]

1.d4 Nf6 2.Nf3 g6 3.c4 Bg7 4.g3 O-O 5.Bg2 d6 6.O-O c5 7.Nc3 Nc6 8.dxc5 dxc5
9.Be3 Be6 10.Qa4 Nd4 11.Rad1 Bd7 12.Qa3 Nc2 13.Qxc5 b6 14.Qg5 h6 15.Qe5 Ng4
16.Qe4 Ncxe3 17.fxe3 Rc8 18.Qd3 Bf5 19.e4 Be6 20.b3 Qxd3 21.Rxd3 Ne5 22.Nxe5 Bxe5
23.Nd5 Bxd5 24.Rxd5 Bd6 25.e5 Bc5+ 26.Kh1 Rc7 27.Rfd1 e6 28.Rd7 Rfc8 29.Bb7 Rxd7
30.Rxd7 Rb8 31.Ba6 Ra8 32.Kg2 h5 33.Kf3 Kg7 34.h3 Bb4 35.Ke4 Be1 36.a3 Bxg3
37.b4 Bf2 38.e3 Bh4 39.c5 bxc5 40.bxc5 Rd8 41.Rxa7 Rd5 42.c6 Bd8 43.c7 Bxc7
44.Rxc7 Ra5 45.Bc8 Ra4+ 46.Kf3 Kf8 47.Rc3 Ra5 48.Kf4 Ke7 49.Bb7 g5+ 50.Kxg5 Rxe5+
51.Kh4 Kf6 52.a4 Ra5 53.Bc6  1-0

[Event "FSIMA February"]
[Site "Budapest HUN"]
[Date "2000.02.17"]
[Round "13"]
[White "Yu Mingyuan"]
[Black "Gara,A"]
[Result "1/2-1/2"]
[WhiteElo "2419"]
[BlackElo "2257"]

1.d4 Nf6 2.Nf3 g6 3.c4 Bg7 4.g3 O-O 5.Bg2 d6 6.O-O c6 7.Nc3 Qb6 8.e4 e5 9.d5 cxd5
10.cxd5 Na6 11.Rb1 Bd7 12.Be3 Qd8 13.h3 Ne8 14.Qd2 Nac7 15.Rbc1 f5 16.Ng5 Nf6
17.f4 Nh5 18.Kh2 exf4 19.gxf4 h6 20.Ne6 Nxe6 21.dxe6 Bxe6 22.exf5 Bxf5 23.Bxb7 Rb8
24.Bg2 Qe7 25.Nd5 Qe8 26.b3  1/2-1/2

[Event "FSIMA February"]
[Site "Budapest HUN"]
[Date "2000.02.17"]
[Round "13"]
[White "Froehlich,P"]
[Black "Rajlich,V"]
[Result "1/2-1/2"]
[WhiteElo "2375"]
[BlackElo "2309"]

1.Nf3 Nf6 2.c4 g6 3.d4 Bg7 4.g3 O-O 5.Bg2 d6 6.O-O Nbd7 7.Nc3 e5 8.e4 exd4
9.Nxd4 Re8 10.h3 a6 11.Re1 Rb8 12.b3 c5 13.Nc2 b5 14.cxb5 axb5 15.Qxd6 b4
16.Na4 Re6 17.Qd2 Qe7 18.Bb2 Nxe4 19.Rxe4 Rxe4 20.Bxe4 Qxe4 21.Nxc5 Qc6 22.Bxg7 Nxc5
23.Qf4 Bb7 24.Qxb8+ Kxg7 25.Qe5+ f6 26.Qe7+ Kg8 27.f3 Qxf3  1/2-1/2

[Event "FSGM February"]
[Site "Budapest HUN"]
[Date "2000.02.17"]
[Round "13"]
[White "Csom,I"]
[Black "Nguyen Anh Dung"]
[Result "1/2-1/2"]
[WhiteElo "2464"]
[BlackElo "2496"]

1.d4 Nf6 2.Nf3 g6 3.c4 Bg7 4.g3 O-O 5.Bg2 d6 6.Nc3 Nc6 7.O-O e5 8.d5 Ne7
9.e4 Nd7 10.Ne1 f5 11.Nd3  1/2-1/2

[Event "Belgian Interteams 1999-2000"]
[Site "Antwerp BEL"]
[Date "2000.02.20"]
[Round "10"]
[White "Sonntag,HH"]
[Black "Bezsilko,P"]
[Result "1-0"]
[WhiteElo "2371"]
[BlackElo "2213"]

1.d4 Nf6 2.Nf3 d6 3.g3 g6 4.Bg2 Bg7 5.c4 O-O 6.Nc3 c6 7.O-O Qc7 8.e4 Bg4
9.Be3 Nbd7 10.Qc2 Bxf3 11.Bxf3 Rab8 12.Rac1 b6 13.Qe2 Rfe8 14.Bg2 a6 15.f4 h5
16.h3 e6 17.e5 Nh7 18.Qf3 Rbc8 19.Ne4 Bf8 20.Rfd1 d5 21.cxd5 exd5 22.Nc3 Qd8
23.f5 Be7 24.h4 Bb4 25.Bh3 Qe7  1-0

[Event "16th open"]
[Site "Cappelle La Grande FRA"]
[Date "2000.02.20"]
[Round "2"]
[White "Cvitan,O"]
[Black "Socko,B"]
[Result "1-0"]
[WhiteElo "2489"]
[BlackElo "2556"]

1.d4 Nf6 2.Nf3 g6 3.c4 Bg7 4.g3 O-O 5.Bg2 d6 6.O-O Nc6 7.Nc3 a6 8.b3 Rb8
9.e3 b5 10.Qe2 b4 11.Nd5 Bb7 12.Bb2 Nd7 13.Rfd1 Qc8 14.e4 e6 15.Nf4 Ne7 16.Nd3 Ba8
17.Rac1 Qb7 18.d5 Bh6 19.Rc2 Rbe8 20.Qf1 c5 21.e5 exd5 22.exd6 Nf5 23.Nfe5 Nxd6
24.Bxd5 Qc7 25.Nxd7 Qxd7 26.Nxc5 Qf5 27.Qd3 Bxd5 28.Qxf5 Nxf5 29.cxd5 Rc8
30.d6 Ne3 31.fxe3 Rxc5 32.Rxc5 Bxe3+ 33.Kg2 Bxc5 34.Bf6 Bb6 35.Be7 Rb8 36.d7 Bd8
37.Rc1  1-0

[Event "16th open"]
[Site "Cappelle La Grande FRA"]
[Date "2000.02.21"]
[Round "4"]
[White "Burmakin,V"]
[Black "Apicella,M"]
[Result "1-0"]
[WhiteElo "2567"]
[BlackElo "2509"]

1.d4 Nf6 2.Nf3 g6 3.c4 Bg7 4.g3 O-O 5.Bg2 d6 6.O-O Nbd7 7.Nc3 e5 8.h3 Re8
9.e4 c6 10.Qc2 a5 11.Rd1 Qe7 12.dxe5 dxe5 13.Be3 Nc5 14.Bxc5 Qxc5 15.Na4 Qe7
16.c5 Nd7 17.Nd2 Rb8 18.Nb3 b5 19.cxb6 Qb4 20.Qxc6 Re6 21.Qc7 Qxa4 22.Rxd7 Qxd7
23.Qxb8 Qb7 24.Qxb7 Bxb7 25.Nxa5 Rxb6 26.b3  1-0

[Event "ch-Serbia"]
[Site "Kragujevac YUG"]
[Date "2000.02.21"]
[Round "3"]
[White "Jakovljevic,Vlado"]
[Black "Tadic,B"]
[Result "1-0"]
[WhiteElo "2310"]
[BlackElo "2406"]

1.Nf3 Nf6 2.c4 g6 3.d4 Bg7 4.g3 O-O 5.Bg2 d6 6.Nc3 c6 7.O-O Qa5 8.e4 Qh5
9.h4 Bg4 10.Qd3 Qa5 11.Bd2 Qc7 12.b4 e5 13.d5 a5 14.a3 Na6 15.Na4 Bd7 16.b5 cxb5
17.cxb5 Nc5 18.Nxc5 Qxc5 19.a4 Ng4 20.Rac1 Qb6 21.Nh2 Nxh2 22.Kxh2 Rfc8 23.Be3 Qd8
24.Bh3 Bxh3 25.Kxh3 Qd7+ 26.Kg2 f5 27.Bd2 Bf6 28.h5 Rf8 29.Rh1 Bg7 30.f3 Rf7
31.hxg6 hxg6 32.Rc4 Raf8 33.Rf1 Qd8 34.exf5 gxf5 35.Rh4 Qf6 36.Bxa5 Qg6 37.Bc3 e4
38.Rfh1 Bf6 39.Rh8+ Kg7 40.Bxf6+ Rxf6 41.R1h7+ Qxh7 42.Rxh7+ Kxh7 43.fxe4 fxe4
44.Qxe4+ Kg7 45.Qd4 Kg8 46.a5 R6f7 47.Qb6 Rd7 48.g4 Rf4 49.Kg3 Re4 50.a6 bxa6
51.Qxa6 Ree7 52.Qc6 Kh7 53.Kh4 Kg8 54.g5 Re4+ 55.Kg3 Ree7 56.b6 Re3+ 57.Kf4 Ree7
58.Qc8+ Kg7 59.Kg4 Rf7 60.Kh5 Rde7 61.Qc6 Re1 62.b7 Rh1+ 63.Kg4 Rg1+ 64.Kh3 Rb1
65.Qc3+ Kg8 66.Qc8+ Rf8 67.Qe6+ Kg7 68.Qh6+  1-0

[Event "ch-Serbia"]
[Site "Kragujevac YUG"]
[Date "2000.02.22"]
[Round "4"]
[White "Paunovic,D"]
[Black "Simic,Dragi"]
[Result "1/2-1/2"]
[WhiteElo "2465"]
[BlackElo "2346"]

1.d4 Nf6 2.Nf3 g6 3.g3 Bg7 4.Bg2 O-O 5.c4 d6 6.O-O c5 7.Nc3 Nc6 8.d5 Na5
9.Nd2 a6 10.Qc2 Rb8 11.b3 b5 12.Bb2 Bh6 13.f4 bxc4 14.bxc4 e5 15.dxe6 Bxe6
16.Nd5 Rxb2 17.Qxb2 Bg7 18.Qa3 Nxc4 19.Nxc4 Nxd5 20.Rac1 Nb4 21.Rfd1 d5 22.Ne5 Bxe5
23.fxe5 Qb6 24.Qb2 c4+ 25.Kh1 Qc5 26.Rb1 Rb8 27.Qc3 Rb5 28.a3 Nc6 29.Rxb5 axb5
30.e3 h5 31.Kg1 Kh7 32.Kf2 Kg8  1/2-1/2

[Event "16th open"]
[Site "Cappelle La Grande FRA"]
[Date "2000.02.23"]
[Round "6"]
[White "Volzhin,A"]
[Black "Kaabi,M"]
[Result "1-0"]
[WhiteElo "2548"]
[BlackElo "2332"]

1.d4 Nf6 2.Nf3 g6 3.c4 Bg7 4.g3 O-O 5.Bg2 d6 6.O-O c5 7.d5 b5 8.cxb5 a6 9.bxa6 Bxa6
10.Nc3 Nbd7 11.Qc2 Qa5 12.b3 Rfb8 13.Bd2 Qb6 14.Rab1 Bb7 15.Ne1 Qa6 16.Nd3 Nb6
17.e4 Ng4 18.Bf3 Bc8 19.a4 Bd7 20.Be2 Qc8 21.Nb2 Ne5 22.f4 Ng4 23.Kh1 h5
24.Ncd1 Ra7 25.a5 Na8 26.Nc4 h4 27.f5 gxf5 28.exf5 Nf6 29.Nde3 Kh8 30.Rf4 h3
31.g4 Nh7 32.g5 Nxg5 33.f6 exf6 34.Bc3 Qe8 35.Rg1 Kg8 36.Bd3 Qe7 37.Re1 Re8
38.Qf2 Bb5 39.Nf5 Qb7 40.Rxe8+ Bxe8 41.Nce3 Qxb3 42.Nxg7 Qxc3 43.Nxe8 Qxd3
44.Nxf6+ Kg7 45.Qg3 Qg6 46.Nf5+ Kf8 47.Qb3  1-0

[Event "Metalis Open"]
[Site "Bizovac CRO"]
[Date "2000.02.24"]
[Round "2"]
[White "Medic,Mir"]
[Black "Ramesa,M"]
[Result "1-0"]
[WhiteElo "2277"]
[BlackElo "2109"]

1.d4 Nf6 2.c4 g6 3.g3 Bg7 4.Bg2 O-O 5.Nf3 d6 6.O-O Nbd7 7.Nc3 e5 8.h3 c6
9.e4 Qa5 10.Re1 exd4 11.Nxd4 Ne5 12.Bf1 Re8 13.Kg2 Be6 14.Nxe6 Rxe6 15.Rb1 Ned7
16.b4 Qc7 17.Qb3 a5 18.a3 axb4 19.axb4 Rae8 20.f3 h6 21.Be3 g5 22.Bf2 Nh5
23.Red1 Be5 24.Ne2 Rf8 25.Nd4 Bxd4 26.Rxd4 Ne5 27.Be2 Ng6 28.Rd2 Nf6 29.Rbd1 Rfe8
30.Bf1 h5 31.c5 d5 32.exd5 Nxd5 33.Rxd5 cxd5 34.Qxd5 Re5 35.Qd6 Qe7 36.Bc4 h4
37.Qxg6+  1-0

[Event "Open"]
[Site "Cannes FRA"]
[Date "2000.02.24"]
[Round "5"]
[White "Legrand,S"]
[Black "Canneva,F"]
[Result "1-0"]
[WhiteElo "2168"]
[BlackElo "2072"]

1.d4 Nf6 2.Nf3 g6 3.c4 Bg7 4.g3 O-O 5.Bg2 d6 6.O-O Nbd7 7.Nc3 e5 8.b3 exd4
9.Nxd4 Nc5 10.Bb2 Re8 11.b4 Nce4 12.Nxe4 Nxe4 13.f3 Ng5 14.h4 Nh3+ 15.Kh2 Nf4
16.Rb1 Nxg2 17.Kxg2 Qd7 18.Rh1 Qe7 19.e4 f5 20.exf5 Bxf5 21.Nxf5 Qe2+ 22.Qxe2 Rxe2+
23.Kf1 Rxb2 24.Rxb2 Bxb2 25.Ne7+ Kf7 26.Nd5 c6 27.Nf4 Re8 28.Kg2 Re3 29.Rd1 Be5
30.Nd3 Bd4 31.Nf2 c5 32.Ne4 Ke7 33.a4 Re2+ 34.Kh3 Rc2 35.bxc5 dxc5 36.Rb1 b6
37.a5 Rxc4 38.axb6 axb6 39.Rxb6 Rb4 40.Ra6 c4 41.Rc6 Be5 42.f4 Bb2 43.h5 Kd7
44.Rc5 Ke6 45.hxg6 hxg6 46.Kg4 Bd4 47.Rc8 Kd5 48.Nd2 c3 49.Rd8+ Kc6 50.Nf3 Bf6
51.Rc8+ Kb7 52.Rc5 Kb6 53.Rc8 Kb5 54.Ne1 Re4 55.Nd3 Re3 56.Ne5 Ka4 57.Rb8  1-0

[Event "Metalis Open"]
[Site "Bizovac CRO"]
[Date "2000.02.25"]
[Round "4"]
[White "Medic,Mir"]
[Black "Kozul,Z"]
[Result "0-1"]
[WhiteElo "2277"]
[BlackElo "2597"]

1.d4 d6 2.c4 g6 3.g3 Bg7 4.Bg2 Nf6 5.Nf3 O-O 6.O-O c6 7.Nc3 a6 8.e4 b5 9.e5 Ne8
10.Qe2 Bg4 11.Bg5 Ra7 12.Rfe1 d5 13.cxd5 cxd5 14.Qd2 Nc7 15.Rec1 Qd7 16.Ne1 Bf5
17.Nd3 Bxd3 18.Qxd3 e6 19.b3 Nc6 20.Nd1 Rc8 21.Bf1 Bf8 22.a3 Ne8 23.Bd2 Qd8
24.a4 b4 25.Be3 Ng7 26.Bh3 Be7 27.Ra2 Qd7 28.Rac2 Bd8 29.Nb2 Raa8 30.a5 Nxa5
31.Rc5 Rxc5 32.Rxc5 Nc6 33.Na4 Ne7 34.Bd2 Qb7 35.Bg5 h5 36.Bf1 Ngf5 37.h3 Nc6
38.Be3 Nxe3 39.fxe3 Bg5 40.h4 Bh6 41.Rc2 Ne7 42.Nc5 Qa7 43.Bh3 Rc8 44.Rf2 Rxc5
45.dxc5 Qxc5 46.e4 d4 47.Qf3 Bg7 48.Qxf7+ Kh7 49.Qxe6 d3 50.Bf5 Qxe5 51.Qxe5 Bxe5
52.Bd7 Bc3 53.Bb5 d2 54.Be2  0-1

[Event "Open"]
[Site "Cannes FRA"]
[Date "2000.02.25"]
[Round "6"]
[White "Spielmann,Al"]
[Black "Plachkinova,T"]
[Result "1-0"]
[WhiteElo "2248"]
[BlackElo "2071"]

1.Nf3 Nf6 2.c4 d6 3.d4 g6 4.g3 Bg7 5.Bg2 O-O 6.O-O Nc6 7.Nc3 a6 8.d5 Na5
9.Nd2 c5 10.Rb1 Ng4 11.Qc2 Ne5 12.b3 Rb8 13.h3 b5 14.f4 Nd7 15.Bb2 bxc4 16.bxc4 Nb6
17.Nce4 Bd7 18.Bxg7 Kxg7 19.Qc3+ Kg8 20.Qxa5 Qc7 21.Qc3 Na4 22.Qc2  1-0

[Event "Open"]
[Site "Cannes FRA"]
[Date "2000.02.26"]
[Round "7"]
[White "Trommsdorf,F"]
[Black "Maloberti,D"]
[Result "1/2-1/2"]
[WhiteElo "2215"]
[BlackElo "2085"]

1.d4 Nf6 2.c4 g6 3.Nf3 Bg7 4.g3 O-O 5.Bg2 d6 6.Nc3 Nbd7 7.O-O e5 8.e3 c6
9.Qd2 Qe7 10.d5 c5 11.Qc2 Ne8 12.e4 f5 13.exf5 gxf5 14.Ng5 Nb6 15.Qb3 Nc7
16.a4 h6 17.Nf3 Na6 18.Nh4 Qf6 19.a5 Nd7 20.Bh3 Ndb8 21.f4 e4 22.Nb5 Kh8
23.Rb1 Kg8 24.Bd2 Qd8 25.Bc3 Nc7 26.Bxg7 Kxg7 27.Nc3 Ne8 28.Bxf5 Bxf5 29.Nxf5+ Rxf5
30.Qxb7+ Nd7 31.Nxe4 Rf7 32.Qc6 Ndf6 33.Rfe1 Rb8 34.Qa4 Rb4 35.Qa2 Rfb7 36.a6 Re7
37.Nc3 Nc7 38.b3 Rb6 39.Qb2 Rxa6 40.Ne4 Ne8 41.Ng5 hxg5 42.fxg5 Kf7 43.Qf2 Kg7
44.gxf6+ Nxf6 45.Qf5 Ra2 46.Re6 Rxe6 47.dxe6 Qa8 48.Qg5+ Kh7 49.Qf5+  1/2-1/2

[Event "Open"]
[Site "Cannes FRA"]
[Date "2000.02.26"]
[Round "7"]
[White "Templier,N"]
[Black "Canneva,F"]
[Result "1-0"]
[WhiteElo "2244"]
[BlackElo "2072"]

1.d4 Nf6 2.c4 g6 3.g3 Bg7 4.Bg2 O-O 5.Nf3 d6 6.Nc3 Nbd7 7.O-O e5 8.e4 exd4
9.Nxd4 Nc5 10.h3 Re8 11.Re1 Ne6 12.Nde2 Nd7 13.Be3 Ne5 14.b3 c5 15.Qd2 Nc6
16.Rad1 Ned4 17.Bxd4 cxd4 18.Nb5 Qb6 19.Nbxd4 Ne5 20.Kh2 f6 21.Nc3 Nf7 22.Ndb5 Rd8
23.Nd5 Qc5 24.b4  1-0

[Event "Wah Seong IM"]
[Site "Penang MYA"]
[Date "2000.02.27"]
[Round "2"]
[White "Ardiansyah,H"]
[Black "Wynn Zaw Htun"]
[Result "1-0"]
[WhiteElo "2396"]
[BlackElo "2524"]

1.d4 Nf6 2.c4 g6 3.Nf3 d6 4.g3 Bg7 5.Bg2 O-O 6.Nc3 Nc6 7.O-O Bf5 8.h3 Ne4
9.Nd5 Bd7 10.Ne1 Nf6 11.Nc2 e6 12.Nc3 d5 13.cxd5 exd5 14.Bg5 Ne7 15.Qc1 Re8
16.g4 c6 17.Qf4 Qb8 18.Qf3 Qd6 19.Qg3 Nc8 20.Bxf6 Qxf6 21.e4 dxe4 22.Nxe4 Qe7
23.Rfe1 Be6 24.Nc5 Nb6 25.Nxe6 fxe6 26.Re5 Rad8 27.Rae1 Qd6 28.Qb3 Nd5 29.Qxb7 Rb8
30.Rxe6 Qxe6 31.Rxe6 Rxb7 32.Rxe8+ Kf7 33.Bxd5+ cxd5 34.Rc8 Rxb2 35.Rc7+ Kg8
36.a3 Rb1+ 37.Kg2 Rc1 38.Rc6 Rd1 39.Rc8+ Bf8 40.g5 Rb1 41.a4 a5 42.Rc6 Be7
43.h4 Rd1 44.Kg3 Kf7 45.Kf4 Rh1 46.Ke5 Rxh4 47.f4 h6 48.Ne3 hxg5 49.Nxd5 gxf4
50.Rc7 Rh5+ 51.Ke4 Rxd5 52.Kxd5 g5 53.Ke4 Ke6 54.Rc8 Kd7 55.Rg8 Bf6 56.Rf8 Be7
57.Rf5 Bd8 58.Rd5+ Kc8 59.Kf3 Bf6 60.Rc5+ Kb7 61.d5  1-0

[Event "Caissa Open"]
[Site "Kharkov UKR"]
[Date "2000.03.01"]
[Round "8"]
[White "Borovikov,V"]
[Black "Surjadnji,A"]
[Result "1/2-1/2"]
[WhiteElo "2472"]
[BlackElo "2423"]

1.d4 Nf6 2.Nf3 g6 3.c4 Bg7 4.g3 O-O 5.Bg2 d6 6.O-O Nbd7 7.Nc3 e5 8.e4 c6
9.h3 Re8 10.Re1 a5 11.Rb1 exd4 12.Nxd4 Nc5 13.b3 Nfd7 14.Be3 Nb6 15.Qc2 Qc7
16.Rbd1 a4 17.b4 Na6 18.Bf1 Nxb4 19.Qb1 Na6 20.Nf5 Bxf5 21.Bxb6 Qd7 22.Bd4 Bxd4
23.Rxd4 Bxh3 24.Bxh3 Qxh3 25.Qxb7 Nc5 26.Qxc6 Ne6 27.Rxd6 Rac8 28.Qxa4 Nf4
29.gxf4 Qxc3 30.Re3 Qxc4 31.Qxc4  1/2-1/2

[Event "Wah Seong IM"]
[Site "Penang MAS"]
[Date "2000.03.02"]
[Round "6"]
[White "Ardiansyah,H"]
[Black "Ng Tze Han2"]
[Result "1/2-1/2"]
[WhiteElo "2396"]
[BlackElo "2216"]

1.d4 Nf6 2.g3 g6 3.Bg2 Bg7 4.Nf3 O-O 5.c4 d6 6.Nc3 c6 7.O-O Nbd7 8.e4 e5
9.h3 Qb6 10.Re1 exd4 11.Nxd4 Re8 12.Nc2 Ne5 13.Be3 Qc7 14.b3 Ned7 15.Nd4 Nc5
16.Qc2 a5 17.Rad1 Bd7 18.f4 Rad8 19.Bf2 Bc8 20.Rd2 Rd7 21.Nf3 b6 22.Rde2 Rde7
23.e5 Nfd7 24.Nd4 Nb8 25.Nxc6 Nxc6 26.Nd5 Qd8 27.Nxe7+ Nxe7 28.Rd2 Bf5 29.Qd1 Nc8
30.g4 Bd7 31.exd6 Rxe1+ 32.Bxe1 Qf6 33.Bg3 Ne6 34.g5 Qc3 35.Kh2 Nd4 36.Bf2 Nf5
37.Rd3 Qb2 38.Kg1 Qa3 39.Rd5 Qxa2 40.c5 bxc5 41.Bxc5 Qb2 42.Bf2 Qc3 43.Rc5 Qb4
44.Rc7 Nb6 45.Bxb6 Qxb6+ 46.Kh1 Be6 47.d7 Bxd7 48.Rxd7 Qf2 49.Rd8+ Bf8  1/2-1/2

[Event "Oz.com qualifier blitz"]
[Site "Internet ICC"]
[Date "2000.03.05"]
[Round "1"]
[White "Borovikov,V"]
[Black "Cordova,E"]
[Result "1-0"]
[WhiteElo "2472"]
[BlackElo "2210"]

1.d4 g6 2.c4 Bg7 3.Nf3 Nf6 4.g3 O-O 5.Bg2 d6 6.O-O Nc6 7.Nc3 a6 8.h3 Rb8
9.Bg5 Bd7 10.e4 b5 11.cxb5 axb5 12.Re1 b4 13.Nd5 Re8 14.Nxf6+ exf6 15.Bf4 Qc8
16.Kh2 f5 17.e5 dxe5 18.dxe5 Rd8 19.Qc1 Qa6 20.Bh6 Bh8 21.Qf4 Rb5 22.Rad1 Be6
23.Rxd8+ Nxd8 24.Qh4 Rd5 25.Bg5 Nc6 26.Bf6 h5 27.Bxh8 Kxh8 28.Qf6+ Kg8 29.Ng5 Rd8
30.Nxe6 fxe6 31.Qxg6+ Kf8 32.Qf6+ Ke8 33.Qxe6+  1-0

[Event "Oz.com qualifier blitz"]
[Site "Internet ICC"]
[Date "2000.03.05"]
[Round "5"]
[White "Fernandes,C"]
[Black "Mahia,G"]
[Result "1/2-1/2"]
[WhiteElo "2027"]
[BlackElo "2377"]

1.d4 Nf6 2.Nf3 g6 3.c4 Bg7 4.g3 O-O 5.Bg2 d6 6.O-O c6 7.Nc3 Qa5 8.e4 e5 9.d5 cxd5
10.cxd5 b5 11.Nd2 b4 12.Nb3 Qa6 13.Ne2 Bg4 14.f3 Bd7 15.a3 Ba4 16.Be3 Qc4
17.Nec1 a5 18.Nd2 Bxd1 19.Nxc4 Bc2 20.axb4 Nbd7 21.Rxa5 Rab8 22.b5 Nc5 23.Nxd6 Nfd7
24.Rf2 Bd3 25.Nxd3 Nxd3 26.Rd2 Nc1 27.Rc2 Nb3 28.Ra7 Rfd8 29.Bh3 f5 30.exf5 Nf6
31.Ne4 Nxd5 32.Bf2 Nd4 33.Bxd4 exd4 34.fxg6 hxg6 35.Be6+ Kh8 36.Bxd5 Rxd5
37.Rcc7 Rg8 38.Kf2 d3 39.Ke1 Rh5 40.h4 Bxb2 41.Ng5 Re8+ 42.Kd1 Bd4 43.Rh7+ Rxh7
44.Rxh7+ Kg8 45.Rd7 Bf2 46.Rxd3 Bxg3 47.Ne4 Bxh4 48.Rd6 Kf7 49.b6 Re7 50.Kc2 Rb7
51.Nc5 Rb8 52.b7 Be7 53.Rd7 Ke8 54.Na6 Kxd7 55.Nxb8+ Ke6 56.Nc6 Bd6 57.b8=Q Bxb8
58.Nxb8 Kf5 59.Kd3 Kf4 60.Ke2 g5 61.Nc6 g4  1/2-1/2

[Event "Oz.com qualifier blitz"]
[Site "Internet ICC"]
[Date "2000.03.05"]
[Round "6"]
[White "Dautov,R"]
[Black "Mohr,G"]
[Result "1-0"]
[WhiteElo "2602"]
[BlackElo "2488"]

1.d4 Nf6 2.Nf3 g6 3.c4 Bg7 4.g3 O-O 5.Bg2 d6 6.O-O c6 7.Nc3 Bf5 8.Nh4 Bg4
9.h3 Bc8 10.e4 e5 11.Nf3 Nbd7 12.Be3 a5 13.Qc2 Qc7 14.Rad1 Re8 15.b3 exd4
16.Nxd4 Nc5 17.Rfe1 Bd7 18.f4 Rad8 19.Bf2 Bc8 20.Nf3 Nfd7 21.Bd4 Bf8 22.Kh2 b6
23.a3 Ne6 24.Bf2 Bg7 25.Nd4 Nf6 26.Nxe6 Rxe6 27.Bd4 Ne8 28.Bxg7 Nxg7 29.Qf2 Rde8
30.Rc1 Bb7 31.Nd5 Qd8 32.Nxb6 f5 33.exf5 Rxe1 34.Rxe1 Rxe1 35.Qxe1 Qxb6 36.f6 Qc7
37.fxg7 Kxg7 38.Qc3+ Kg8 39.h4 c5 40.Bxb7 Qxb7 41.Qd3 Qe7 42.a4 Qf6 43.Qd2 h5
44.Kg2 Kh7 45.Kf3 Qd8 46.Qd5 Qb8 47.Qd3 Kh6 48.Kg2 Qb7+ 49.Kh2 Qb6 50.Qe3 Kh7
51.Qe7+ Kg8 52.Qf6 Kh7 53.Qf7+ Kh8 54.Qxg6 Qxb3 55.Qxh5+ Kg7 56.Qg5+ Kf7
57.Qd5+ Ke7 58.h5 Qxa4 59.h6 Qc2+ 60.Kh3 a4 61.Qb7+ Kf6 62.h7 Qf5+ 63.g4 Qd3+
64.Kh4  1-0

[Event "Oz.com qualifier blitz"]
[Site "Internet ICC"]
[Date "2000.03.05"]
[Round "7"]
[White "Soza,J"]
[Black "Krasnov,A"]
[Result "0-1"]
[WhiteElo "2165"]
[BlackElo "2287"]

1.d4 g6 2.c4 Bg7 3.Nf3 Nf6 4.g3 O-O 5.Bg2 d6 6.O-O c6 7.Nc3 Nbd7 8.e4 e5
9.h3 Re8 10.Re1 Qc7 11.Be3 exd4 12.Nxd4 Nc5 13.Qc2 a5 14.Rad1 Bd7 15.f4 Re7
16.Bf2 Rae8 17.Re2 Qc8 18.Kh2 h5 19.Nb3 Nxb3 20.axb3 h4 21.Rxd6 hxg3+ 22.Bxg3 Nh5
23.e5 Nxg3 24.Kxg3 g5 25.Bf3 gxf4+ 26.Kh2 Bf5 27.Qd1 Bxh3 28.Ne4 Rxe5 29.Qg1 Qf5
30.Nf6+ Kf8 31.Nxe8 Rxe2+ 32.Bxe2 Be5 33.Bf3 Qh7 34.Qd1 Bd7+ 35.Kg1 Bxe8
36.Rd2 c5 37.Rh2 Qg6+ 38.Kh1 Bd4 39.Bd5 Bc6 40.Rh3 Bxd5+ 41.cxd5 Qe4+ 42.Kh2 Qxd5
43.Qh5 Qe6 44.Qh6+ Ke7 45.Qxe6+ fxe6 46.Rh7+ Kd6 47.Rxb7 Bxb2 48.Kg2 Kd5
49.Kf3 Bc1 50.Rd7+ Kc6 51.Rd1 Be3 52.Ke4 Kb5 53.Rd6 Kb4 54.Rb6+ Kc3 55.Rb5 Kc2
56.Kf3 Kd3 57.Rxa5 e5 58.Ra3 e4+ 59.Kg2 Bc1 60.Ra5 Be3 61.Kf1 Bd4 62.Ra3 Kc3
63.Ra8 f3 64.Rb8 e3 65.Rf8 Kd2  0-1